| 000 | 00453ntaaa2200157 4500 | ||
|---|---|---|---|
| 003 | 01 | ||
| 005 | 20251027201306.0 | ||
| 008 | 0714s1973 ag 01 | ||
| 040 |
_aAR-BaBN _bspa _cAR-BaBN _eaacr _dRIC |
||
| 082 | _a221.8230 Ei2 | ||
| 100 |
_aEichrodt, Walther _91282 |
||
| 245 | _aTheologie des Alten Testaments | ||
| 250 |
_a1 ed. : _bEhrenfried Klotz Verlag, _c1957 |
||
| 500 | _aT.1: Gott und Volk; T.2: II Gott und Welt, III Gott und Mensch. | ||
| 942 | _cBK | ||
| 999 |
_c7340 _d7340 |
||